Gédéon - SCH- Paroles - Statistiques

Statistiques générales
  • Ce quiz a été pris 19 fois
  • Le résultat moyen est 182 sur 396
Statistiques - réponses
Paroles % Correct
S
100%
à
82%
de
82%
le
82%
on
82%
On
82%
ou
82%
10
73%
C'est
73%
dans
73%
elle
73%
Elle
73%
Götze
73%
ne
73%
Puto
73%
tu
73%
ami
64%
au
64%
Au
64%
cocaïne
64%
d'la
64%
et
64%
Et
64%
habits
64%
j'suis
64%
J'suis
64%
les
64%
Les
64%
numéro
64%
pas
64%
pédé
64%
ses
64%
si
64%
terre
64%
vends
64%
amis
55%
avis
55%
comme
55%
des
55%
dix-neuf
55%
d'ton
55%
enlève
55%
Gédéon
55%
heureux
55%
j'aurais
55%
la
55%
55%
ma
55%
Millionnaires
55%
Nan
55%
nan
55%
non
55%
Oh
55%
oh
55%
ouais
55%
oui
55%
par
55%
qu'des
55%
que
55%
rien
55%
s'rait
55%
13
45%
amitié
45%
avec
45%
ceux
45%
connait
45%
couilles
45%
fait
45%
fond
45%
ils
45%
j'ai
45%
j'étais
45%
J'sais
45%
J's'rais
45%
j's'rais
45%
Lilo
45%
l'trou
45%
mères
45%
mes
45%
ont
45%
plus
45%
Quand
45%
quand
45%
qu'il
45%
qu'ils
45%
rappelle
45%
Scélérat
45%
ta
45%
tous
45%
4
36%
aux
36%
calibres
36%
Collé
36%
d'l'habitacle
36%
Donc
36%
est
36%
gros
36%
j'me
36%
j'réponds
36%
J'veux
36%
l'gang
36%
Mathafack
36%
miles
36%
Néo
36%
notre
36%
pelles
36%
potos
36%
qu'j'me
36%
raisons
36%
rudeboys
36%
salles
36%
Stich
36%
tél
36%
trainais
36%
un
36%
veux
36%
vos
36%
addict
27%
aime
27%
carré
27%
coutellerie
27%
cuir
27%
depuis
27%
faciès
27%
flingues
27%
Focalise
27%
gosse
27%
invétéré
27%
jeune
27%
Marine
27%
noires
27%
paire
27%
qu'on
27%
qu'ont
27%
Re-fré
27%
ronde
27%
Ru-Paul
27%
son
27%
tenu
27%
ton
27%
y a
27%
A7
18%
anthracite
18%
bitch
18%
bout
18%
cess'
18%
chien
18%
crack
18%
d'caviar
18%
d'héros
18%
Dita
18%
doigts
18%
d'phalanges
18%
enchainé
18%
enterrer
18%
grosse
18%
héro
18%
jaune
18%
j'che-cra
18%
kickeur
18%
l'assiette
18%
l'besoin
18%
l'plus
18%
main
18%
mais
18%
même
18%
Morpheo
18%
m'tends
18%
parce
18%
pédéraste
18%
piges
18%
putain
18%
sale
18%
shit
18%
s'invitent
18%
tes
18%
tête
18%
venu
18%
vétérans
18%
veut
18%
zone
18%
7.62
9%
Autant
9%
Bain
9%
bleu
9%
cette
9%
chicos
9%
drogues
9%
eh
9%
fumée
9%
j'crache
9%
j'fais
9%
j'sectionne
9%
l'te-shi
9%
marie
9%
marqués
9%
pute
9%
résidait
9%
ronds
9%
rouges
9%
semelles
9%
sous
9%
Visages
9%
bobs
0%
coups
0%
noicies
0%
Trente
0%
t'sancionne
0%
Aucun quiz correspondant
Distribution des résultats
% des personnes avec chaque résultat
Percentile par nombre de réponses
Votre historique - résultats
Vous n’avez pas pris ce quiz